000
00289nam a2200109Ia 4500
001
1263266
005
20260417141901.0
008
260417s9999 xx 000 0 und d
020
_a
9789752893849
245
0
_a
Kırmızı Küpeler Babil Kulesi
_c
Orhan Kemal
260
_b
Everest Yayınları
999
_c
1263266
_d
1263266